00361nam a2200109Ia 4500008004100000020001800041100001500059245009000074260002000164650002600184856004100210171212s9999 xx 000 0 und d a9781911307983 aKahn, Lily cKahn, LilyaFirst Hebrew Shakespeare TranslationsbA Bilingual Edition and Commentary bUCL Pressc2017 aLanguage & Literature uhttp://jstor.org/stable/j.ctt1rfzxpx